| 000 | 01064nam0a22002411i 4500 | ||
|---|---|---|---|
| 001 | rc\4951756 | ||
| 005 | 20240724145512.0 | ||
| 021 |
_aRU _b[68-99566] |
||
| 035 | _a(NLR Aleph) 008858224 | ||
| 090 |
_a8444323 _c8444323 |
||
| 100 | _a20130426d1968 |||y0rusy50 ca | ||
| 101 | 0 | _arus | |
| 102 | _aRU | ||
| 105 | _ay d ||||| | ||
| 200 | 1 |
_aПедагогические проблемы взаимодействия школьного коллектива с трудовым коллективом взрослых _e(5-8 классы школ общего и интернатного типа) _eАвтореферат дис. на соискание учен. степени канд. пед. наук _fКраснояр. гос. пед. ин-т |
|
| 210 |
_aКрасноярск _d1968 |
||
| 215 | _a25 с. | ||
| 320 | _aСписок работ авт.: с. 24-25 (11 назв.) | ||
| 700 | 1 |
_aТрояновский _bВ.А. _gВил Александрович |
|
| 801 | 0 |
_aRU _bNLR _gpsbo |
|
| 801 | 1 |
_aRU _bELAR _2rusmarc |
|
| 852 |
_aNLR _j69-4/5423 |
||
| 942 | _cBOOK | ||